00676nam a22002057a 450000500170000001000130001702000220003003500130005203700170006504000120008208200210009410000230011524500970013826000470023527000440028230000240032650000500035065000440040065000260044420170124110011.0 aB-019014 c00.00a8176292516 aB-019014 bCen Lib/ Ret aDPLbEN a370.0350269bCHA aChakrabarty, Manas aJudicial behaviour and decision making of the supreme court of India /cby Manas Chakrabarty a New DelhibDeep & Deep publicationsc2000 aF-159,Rajouri Grdenb New Delhie110027 aix,154p. c21cm(Hb) aIncludes bibliographical reference and index  aJudicial process--Psychological aspects aJudicial process--Law